| 000 | 00414 a2200169 4500 | ||
|---|---|---|---|
| 999 |
_c313912 _d313912 |
||
| 001 | 78839 | ||
| 003 | NUST | ||
| 005 | 20180119183332.0 | ||
| 008 | 180119b xxu||||| |||| 00| 0 eng d | ||
| 020 | _a969001501x | ||
| 082 | _a363.7 MUM | ||
| 100 |
_aMumtaz Hussain _99113 |
||
| 245 |
_aEnvironmental Degradation Realities and Remedies _hEnglish |
||
| 250 | _a1 | ||
| 260 |
_aRawalpindi _bFerozsons _c1998 |
||
| 300 | _a409 | ||
| 500 | _aGeneral Books | ||
| 505 | _aGifted Books | ||
| 942 |
_aCAE NUST _cBK _k363.7 MUM _2ddc |
||